Southville International School and Colleges
Your cart is empty.
  • Cart
  • Lists
    Public lists Eva Luna New books Lux_list list_1
    Your lists Log in to create your own lists
  • Log in to your account
  • Your cookies
  • Search history
Southville International School and Colleges
  • Advanced search
  • Recent comments
  • Most popular
  • Libraries

Log in to your account

Log in with GOOGLE


If you do not have an external account, but do have a local account, you can still log in:

  1. Home
  2. MARC view: The awareness of grade six students on the status of out-of-school youth outside SIS /
Normal view MARC view ISBD view

The awareness of grade six students on the status of out-of-school youth outside SIS / (Record no. 96652)

[ view plain ]
MARC details
000 -LEADER
fixed length control field 00919nam a2200217 a 4500
003 - CONTROL NUMBER IDENTIFIER
control field 0
005 - DATE AND TIME OF LATEST TRANSACTION
control field 20250505105007.0
008 - FIXED-LENGTH DATA ELEMENTS--GENERAL INFORMATION
fixed length control field 021114s19uu xx 00 eng d
050 ## - LIBRARY OF CONGRESS CALL NUMBER
Classification number PGS LC 4091
Item number .Sa246 2002
100 ## - MAIN ENTRY--PERSONAL NAME
Personal name Sarmiento, Natasha.
245 ## - TITLE STATEMENT
Title The awareness of grade six students on the status of out-of-school youth outside SIS /
Statement of responsibility, etc Natasha Sarmiento.
260 ## - PUBLICATION, DISTRIBUTION, ETC. (IMPRINT)
Place of publication, distribution, etc Las Piñas City, Philippines :
Name of publisher, distributor, etc Southville International School and Colleges,
Date of publication, distribution, etc 2002.
300 ## - PHYSICAL DESCRIPTION
Extent 23 pages :
Other physical details colored illustrations ;
Dimensions 28 cm.
504 ## - BIBLIOGRAPHY, ETC. NOTE
Bibliography, etc Includes bibliographical references.
650 ## - SUBJECT ADDED ENTRY--TOPICAL TERM
Topical term or geographic name as entry element Out-of-school youth
Form subdivision Public opinion
-- Elementary students.
650 ## - SUBJECT ADDED ENTRY--TOPICAL TERM
Topical term or geographic name as entry element Children
Form subdivision Attitudes toward education.
650 ## - SUBJECT ADDED ENTRY--TOPICAL TERM
Topical term or geographic name as entry element Educationally disadvantaged
Form subdivision Student awareness.
650 ## - SUBJECT ADDED ENTRY--TOPICAL TERM
Topical term or geographic name as entry element Student engagement
Form subdivision Social responsibility.
650 ## - SUBJECT ADDED ENTRY--TOPICAL TERM
Topical term or geographic name as entry element Community involvement in education
Form subdivision Youth perspective.
942 ## - ADDED ENTRY ELEMENTS (KOHA)
Source of classification or shelving scheme Library of Congress Classification
Koha item type PASS
Holdings
Withdrawn status Lost status Source of classification or shelving scheme Damaged status Home library Current library Shelving location Date acquired Source of acquisition Total Checkouts Full call number Barcode Date last seen Price effective from Koha item type
    Library of Congress Classification   Luxembourg Library Luxembourg Library Portfolio Assessment of SISC Students Section 11/14/2002 Donation   PGS LC 4091 .Sa246 2002 P0633 04/08/2014 04/08/2014 PASS

The awareness of grade six students on the status of out-of-school youth outside SIS /

APA

Sarmiento N., . (2002). The awareness of grade six students on the status of out-of-school youth outside SIS. Las Piñas City, Philippines: Southville International School and Colleges.

Chicago

Sarmiento Natasha, . 2002. The awareness of grade six students on the status of out-of-school youth outside SIS. Las Piñas City, Philippines: Southville International School and Colleges.

Harvard

Sarmiento N., . (2002). The awareness of grade six students on the status of out-of-school youth outside SIS. Las Piñas City, Philippines: Southville International School and Colleges.

MLA

Sarmiento Natasha, . The awareness of grade six students on the status of out-of-school youth outside SIS. Las Piñas City, Philippines: Southville International School and Colleges. 2002.

  • Print
  • Cite
  • Add to your cart (remove)
  • Save record
    BIBTEX Dublin Core MARCXML MARC (non-Unicode/MARC-8) MARC (Unicode/UTF-8) MARC (Unicode/UTF-8, Standard) MODS (XML) RIS
  • More searches
    Search for this title in:
    Other Libraries (WorldCat) Other Databases (Google Scholar) Online Stores (Bookfinder.com) Open Library (openlibrary.org)

Exporting to Dublin Core...

SOUTHVILLE LIBRARY

Southville International School and Colleges Library

1281 Tropical Ave. Cor. Luxembourg St., BF Homes International, Las Pinas City

Tel. No. 8256374 / 252358 Loc. 117/146

Powered by Koha